000 00672nam a2200241Ia 4500
003 OSt
005 20220918172742.0
006 a|||||r|||| 00| 0
007 ta
008 220917b |||||||| |||| 00| 0 eng d
024 _a2,691
037 _cTextual
040 _aARTS
_cARTS
_beng
041 _2eng
_aeng
082 _aY:4510gW, N2
100 _aGhosh S K.
_942960
245 0 _aPolitics of violence
_b Dawn of a dangerous era
260 _aNew Delhi
_bAshish publishing
_c1992
300 _avi,174p Includes index
_ccm.
650 _aTERRORISM; SOCIOLOGY
_942961
942 _hY:4510gW, N2
_cTEXL
_2CC
999 _c145388
_d145388